Mi amiga Flicka / (Registro nro. 11665)

Detalles MARC
000 -LEADER
fixed length control field 00887nam a22002897a 4500
001 - CONTROL NUMBER
control field 000591
003 - CONTROL NUMBER IDENTIFIER
control field DO-SdBNP
005 - DATE AND TIME OF LATEST TRANSACTION
control field 20180131130145.0
007 - PHYSICAL DESCRIPTION FIXED FIELD--GENERAL INFORMATION
fixed length control field 000591
008 - FIXED-LENGTH DATA ELEMENTS--GENERAL INFORMATION
fixed length control field 161025b 1987 sp a ||||| |||| 00| 0 spa d
020 ## - INTERNATIONAL STANDARD BOOK NUMBER
International Standard Book Number 8422619636
040 ## - CATALOGING SOURCE
Original cataloging agency BPMSU
Language of cataloging spa
Transcribing agency BPMSU
041 ## - LANGUAGE CODE
Language code of text/sound track or separate title spa
Language code of original eng
100 1# - MAIN ENTRY--PERSONAL NAME
Personal name O'Hara, Mary.
240 ## - UNIFORM TITLE
Uniform title <a href="My friend Flicka.">My friend Flicka.</a>
Language of a work Español
245 10 - TITLE STATEMENT
Title Mi amiga Flicka /
Statement of responsibility, etc. Mary O'Hara ; ilustraciones de Ballestar ; traducción, J. Pané Argelich.
260 ## - PUBLICATION, DISTRIBUTION, ETC. (IMPRINT)
Place of publication, distribution, etc. Barcelona :
Name of publisher, distributor, etc. Círculo de Lectores,
Date of publication, distribution, etc. 1987.
300 ## - PHYSICAL DESCRIPTION
Extent 218 p. :
Other physical details il. ;
Dimensions 21 cm.
490 1# - SERIES STATEMENT
Series statement Alboreal
Volume/sequential designation 134
650 ## - SUBJECT ADDED ENTRY--TOPICAL TERM
Topical term or geographic name as entry element Novela estadounidense.
700 12 - ADDED ENTRY--PERSONAL NAME
Personal name Ceretti, Mario Enrique,
Relator term tr.
700 1# - ADDED ENTRY--PERSONAL NAME
Personal name Ballestar, Vicente B.,
Relator term 1929-
830 #0 - SERIES ADDED ENTRY--UNIFORM TITLE
Uniform title Alboreal ;
Volume number/sequential designation 134
942 ## - ADDED ENTRY ELEMENTS (KOHA)
Source of classification or shelving scheme Dewey Decimal Classification
Koha item type Libros
945 ## - LOCAL PROCESSING INFORMATION (OCLC)
a Inventariado, 2018 /LP
956 ## - LOCAL ELECTRONIC LOCATION AND ACCESS (OCLC)
Access method LOPEREZ
Materials specified 10
Linkage 20161025
Field link and sequence number BPMSU
Host name 00041
Existencias
Withdrawn status Lost status Source of classification or shelving scheme Damaged status Not for loan Collection code Home library Current library Date acquired Source of acquisition Total Checkouts Barcode Date last seen Price effective from Koha item type
    Dewey Decimal Classification     Colección Juvenil General Biblioteca Pública Metropolitana Salomé Ureña Biblioteca Pública Metropolitana Salomé Ureña 10/25/2016 FUNDI   BPMSU16100348 10/25/2016 10/25/2016 Libros